000 00635nam a2200217Ia 4500
003 GCL
008 140319s9999 xx 000 0 ara d
040 _aGCL /
_cGCL
082 0 4 _a346.07
_bع ا
100 1 _aعلى حسن يونس
245 1 0 _aالافلاس والصلح الواقى منه /
_cعلى حسن يونس
260 _a[S.N] :
_bمطبعة عين شمس ،
_c1991
300 _a689 ص
490 _a
650 0 4 _aالقانون
650 0 4 _aالافلاس
650 0 4 _aالاوراق المالية
650 0 4 _aالقانون البحرى
650 0 4 _aالقانون التجارى
942 _2ddc
_cBK
999 _c55645
_d55645